000 00475nam a22001577a 4500
003 0
005 20220808152642.0
008 220808b xxu||||| |||| 00| 0 eng d
020 _a978-971-23-9910-7
050 _aFILG155.A1
_b.C78 2019
245 _aMicro perspective of tourism and hospitality
_cZenaida L. Cruz
260 _aManila
_bRex bookstore
_c2019
300 _ax,230pp.
_c25cm.
_eIncludes reference, glossary and index.
_fBook
500 _aTourism.
942 _2lcc
_cBK
999 _c364772
_d364772